| Поле | Инд. | ПП | Название | Значение |
|---|---|---|---|---|
| Тип записи | a | |||
| Библиографический уровень | m | |||
| 001 | _ | Контрольный номер | RU\infra-m\znanium\bibl\1019421 | |
| 005 | _ | Дата корректировки | 20250915104128.3 | |
| 008 | Кодируемые данные | 221116s2019 RU g rus u | ||
| 020 | a | ISBN | 978-5-369-01731-9 | |
| 020 | a | ISBN | 978-5-16-106106-0 | |
| 020 | a | ISBN | 978-5-16-013449-9 | |
| 040 | a | Служба первич. каталог. | Общество с ограниченной ответственностью «ЗНАНИУМ» | |
| 041 | a | Код языка текста | rus | |
| 044 | a | Код страны публикации | RU | |
| 080 | a | Индекс УДК | 577.2(075.8) | |
| 084 | 2 | Источник индекса | rubbk | |
| a | Индекс другой классификации/Индекс ББК | 28.070я73 | ||
| 084 | 2 | Источник индекса | okso | |
| a | Индекс другой классификации/Индекс ББК | 44.03.05 | ||
| 084 | 2 | Источник индекса | okso | |
| a | Индекс другой классификации/Индекс ББК | 31.02.01 | ||
| 084 | 2 | Источник индекса | okso | |
| a | Индекс другой классификации/Индекс ББК | 31.02.03 | ||
| 084 | 2 | Источник индекса | okso | |
| a | Индекс другой классификации/Индекс ББК | 06.03.01 | ||
| 084 | 2 | Источник индекса | okso | |
| a | Индекс другой классификации/Индекс ББК | 19.03.01 | ||
| 100 | 1_ | a | Автор | Иванищев Виктор Васильевич |
| q | Полное имя | Виктор Васильевич | ||
| 245 | a | Заглавие | Молекулярная биология | |
| b | Продолж. заглавия | Учебник | ||
| c | Ответственность | Тульский государственный педагогический университет им. Л.Н. Толстого | ||
| 250 | a | Основные сведения об издании | 1 | |
| 260 | a | Место издания | Москва | |
| b | Издательство | Издательский Центр РИОР | ||
| c | Дата издания | 2019 | ||
| 300 | a | Объем | 225 с. | |
| 520 | a | Аннотация | В учебнике изложен основной круг вопросов молекулярной биологии который проиллюстрирован минимально необходимым для понимания числом примеров. Каждая глава завершается контрольными вопросами и заданиями для самостоятельной работы. В учебник включен набор лабораторно-практических работ не требующих специализированного оборудования и материалов. | |
| 521 | a | Примеч. о целев. назн. | ВО - Бакалавриат | |
| 650 | a | Основная рубрика | Биологические науки | |
| x | Основная подрубрика | Молекулярная биология. Общая морфология, биофизика, биохимия, физиология | ||
| 852 | x | Примечание, не предназначенное для пользователя | znanium2023 | |
| 856 | 4_ | a | Имя сервера/домена | znanium.com |
| m | Помощь | ebs_support@infra-m.ru | ||
| n | Местонахождение сервера | НИЦ ИНФРА-М | ||
| u | URL | https://znanium.com/catalog/document?id=339475 | ||
| z | Примечание для пользователя | Участвует в КО | ||
| 856 | 41 | a | Имя сервера/домена | znanium.com |
| d | Путь | /cover/1019 | ||
| f | Электронное имя | 1019421.jpg | ||
| q | Тип электронного формата | image/jpeg | ||
| u | URL | https://znanium.com/cover/1019/1019421.jpg |